Statistiques concernant map mw2 2022

Cliquez ici pour prendre le quiz!

Statistiques générales

  • Ce quiz a été pris 11 fois
  • Le résultat moyen est 6 sur 13

Statistiques - réponses

HintRéponse% Correct
Sshipment
80%
AAl Bagra fortress
60%
EEmbassy
60%
FFarm 18
60%
Sshoothouse
60%
EEl Asilo
40%
MMercado Las Almas
40%
MMuseum
40%
TTaraq
40%
BBreenbergh Hotel
20%
CCrown Raceway
20%
SSanta Seña Border Crossing
20%
ZZarqwa Hydroelectric
20%

Distribution des résultats

Percentile par nombre de réponses

% des personnes avec chaque résultat

Votre développement - résultats

Vous n’avez pas pris ce quiz